| 000 | 00668 a2200193 4500 | ||
|---|---|---|---|
| 999 |
_c183352 _d183352 |
||
| 005 | 20211223143830.0 | ||
| 010 | _aENG-130555 | ||
| 020 |
_a978-0-19-012627-8 _c1295.00 |
||
| 035 | _aEN-114087 | ||
| 037 | _bDBAD/PUB | ||
| 082 |
_a371.04 _b1 |
||
| 100 | _aKampchen, Martin | ||
| 245 |
_aIndo-German Exchanges in Education: _bRabindranath Tagore Meets Paul And Edith Geheeb/ _cMartin Kampchen |
||
| 250 | _a2020 | ||
| 260 |
_aNew Delhi _bOxford University Press _c2020 |
||
| 270 |
_a22 Workspace, 2nd Floor, 1/22 Asaf Ali Road _bNew Delhi _e110002 |
||
| 300 |
_avii-xi 200p. _c22cm (pbk) _bBibliography, Index |
||
| 942 |
_adpl _cEN _2ddc _h371.04 _mKAM |
||